[Event "CZE-chT2B 1314"]
[Site "Czech Republic"]
[Date "2014.04.06"]
[Round "11.3"]
[White "Ta, Van Duy"]
[Black "Kuznetsov, Michail"]
[Result "1/2-1/2"]
[WhiteElo "1968"]
[BlackElo "2160"]
[PlyCount "39"]
[EventDate "2013.11.03"]
[EventType "team-tourn"]
[EventRounds "11"]
[EventCountry "CZE"]
[SourceTitle "EXT 2015"]
[Source "ChessBase"]
[SourceDate "2014.11.20"]
[SourceVersion "1"]
[SourceVersionDate "2014.11.20"]
[SourceQuality "1"]
[WhiteTeam "Teplice"]
[BlackTeam "Usti nad Labem"]
[WhiteTeamCountry "CZE"]
[BlackTeamCountry "CZE"]

1. e4 e6 2. d4 d5 3. Nd2 Nf6 4. e5 Nfd7 5. Bd3 c5 6. c3 Nc6 7. Ne2 cxd4 8. cxd4 f6 9. exf6 Nxf6 10. 0-0 Bd6 11. Nf3 0-0 12. Bg5 e5 13. dxe5 Nxe5 14. Nxe5 Bxe5 15. h3 Qb6 16. Rb1 Kh8 17. Nc3 Bd7 18. Bxf6 Qxf6 19. Qh5 Bf5 20. Bxf5 1/2-1/2

[Event "CZE-chT2B 1314"]
[Site "Czech Republic"]
[Date "2013.11.03"]
[Round "1.4"]
[White "Petr, Jan1111"]
[Black "Kuznetsov, Michail"]
[Result "1-0"]
[WhiteElo "2112"]
[BlackElo "2160"]
[PlyCount "107"]
[EventDate "2013.11.03"]
[EventType "team-tourn"]
[EventRounds "11"]
[EventCountry "CZE"]
[SourceTitle "EXT 2015"]
[Source "ChessBase"]
[SourceDate "2014.11.20"]
[SourceVersion "1"]
[SourceVersionDate "2014.11.20"]
[SourceQuality "1"]
[WhiteTeam "Praha Bohemians II"]
[BlackTeam "Usti nad Labem"]
[WhiteTeamCountry "CZE"]
[BlackTeamCountry "CZE"]

1. e4 e6 2. d4 d5 3. Nd2 Nf6 4. e5 Nfd7 5. Bd3 c5 6. c3 Nc6 7. Ngf3 Qb6 8. 0-0 cxd4 9. cxd4 Nxd4 10. Nxd4 Qxd4 11. Nf3 Qb6 12. Qa4 Be7 13. Qg4 g6 14. Bg5 Bxg5 15. Qxg5 h6 16. Qh4 Kf8 17. Rac1 Kg7 18. Rc3 Qd8 19. Qg3 Re8 20. h4 Nf8 21. Nh2 Bd7 22. Ng4 Nh7 23. h5 Qg5 24. hxg6 fxg6 25. f4 Qh5 26. Rc7 Re7 27. Rfc1 Rb8 28. f5 exf5 29. Nf6 Nxf6 30. exf6+ Kxf6 31. Rxd7 Rxd7 32. Qxb8 Qh4 33. Qh8+ Kg5 34. Qe5 Qf4 35. Qxf4+ Kxf4 36. Kf2 Ke5 37. Ke3 f4+ 38. Kd2 Rd6 39. Rc7 b6 40. Rxa7 Kf6 41. Rc7 Kg5 42. Rg7 Kh5 43. a4 g5 44. b4 Kg4 45. Rg6 Rxg6 46. Bxg6 Kg3 47. a5 bxa5 48. bxa5 Kxg2 49. a6 f3 50. a7 f2 51. Bd3 g4 52. a8Q g3 53. Qxd5+ Kg1 54. Bf1 1-0

[Event "Zhigulevskie prostory op"]
[Site "Samara"]
[Date "2008.08.01"]
[Round "8"]
[White "Kuznetsov, Michail"]
[Black "Strelnikova, Elena"]
[Result "1-0"]
[WhiteElo "2007"]
[BlackElo "2069"]
[PlyCount "55"]
[EventDate "2008.07.25"]
[EventType "swiss"]
[EventRounds "9"]
[EventCountry "RUS"]
[SourceTitle "EXT 2022"]
[Source "ChessBase"]
[SourceDate "2021.10.06"]
[SourceVersion "1"]
[SourceVersionDate "2021.10.06"]
[SourceQuality "1"]

1. e4 c5 2. Nf3 d6 3. d4 cxd4 4. Nxd4 a6 5. Nc3 Nf6 6. Be3 g6 7. f3 Bg7 8. Qd2 Nc6 9. g4 Qa5 10. Nb3 Qc7 11. g5 Nd7 12. Nd5 Qd8 13. 0-0-0 Nce5 14. Be2 b5 15. Na5 e6 16. Nf4 0-0 17. Nb3 Nc4 18. Bxc4 bxc4 19. Nd4 Bxd4 20. Bxd4 e5 21. Bc3 exf4 22. Qxd6 Qb6 23. Qxf4 Qb8 24. Qh4 Ne5 25. Qh6 f6 26. gxf6 Ra7 27. Rhg1 Rxf6 28. Rd8+ 1-0